<?xml version="1.0" encoding="UTF-8"?>
<record
    xmlns:xsi="http://www.w3.org/2001/XMLSchema-instance"
    xsi:schemaLocation="http://www.loc.gov/MARC21/slim http://www.loc.gov/standards/marcxml/schema/MARC21slim.xsd"
    xmlns="http://www.loc.gov/MARC21/slim">

  <leader>00330nam a22001337a 4500</leader>
  <controlfield tag="008">240924b        |||||||| |||| 00| 0 eng d</controlfield>
  <datafield tag="022" ind1=" " ind2=" ">
    <subfield code="a">09721509</subfield>
  </datafield>
  <datafield tag="041" ind1=" " ind2=" ">
    <subfield code="a">Eng</subfield>
  </datafield>
  <datafield tag="245" ind1=" " ind2=" ">
    <subfield code="a">Global Business Review</subfield>
  </datafield>
  <datafield tag="260" ind1=" " ind2=" ">
    <subfield code="a">New Dehli </subfield>
    <subfield code="b">Sage Publication</subfield>
    <subfield code="c">2024</subfield>
  </datafield>
  <datafield tag="300" ind1=" " ind2=" ">
    <subfield code="a">267 p</subfield>
  </datafield>
  <datafield tag="856" ind1=" " ind2=" ">
    <subfield code="u">journals.sagepub.com/home/gbr</subfield>
  </datafield>
  <datafield tag="942" ind1=" " ind2=" ">
    <subfield code="c">SR</subfield>
  </datafield>
  <datafield tag="999" ind1=" " ind2=" ">
    <subfield code="c">41532</subfield>
    <subfield code="d">41532</subfield>
  </datafield>
  <datafield tag="952" ind1=" " ind2=" ">
    <subfield code="0">0</subfield>
    <subfield code="1">0</subfield>
    <subfield code="2">ddc</subfield>
    <subfield code="4">0</subfield>
    <subfield code="7">0</subfield>
    <subfield code="a">IMTN</subfield>
    <subfield code="b">IMTN</subfield>
    <subfield code="d">2024-09-25</subfield>
    <subfield code="h">Vol. 25, No. 1</subfield>
    <subfield code="p">P01</subfield>
    <subfield code="r">2024-09-25 00:00:00</subfield>
    <subfield code="w">2024-09-25</subfield>
    <subfield code="y">SR</subfield>
  </datafield>
  <datafield tag="952" ind1=" " ind2=" ">
    <subfield code="0">0</subfield>
    <subfield code="1">0</subfield>
    <subfield code="2">ddc</subfield>
    <subfield code="4">0</subfield>
    <subfield code="7">0</subfield>
    <subfield code="a">IMTN</subfield>
    <subfield code="b">IMTN</subfield>
    <subfield code="d">2024-09-25</subfield>
    <subfield code="h">Vol. 25, No. 2</subfield>
    <subfield code="l">0</subfield>
    <subfield code="p">P02</subfield>
    <subfield code="r">2024-09-25 00:00:00</subfield>
    <subfield code="w">2024-09-25</subfield>
    <subfield code="y">SR</subfield>
  </datafield>
  <datafield tag="952" ind1=" " ind2=" ">
    <subfield code="0">0</subfield>
    <subfield code="1">0</subfield>
    <subfield code="2">ddc</subfield>
    <subfield code="4">0</subfield>
    <subfield code="7">0</subfield>
    <subfield code="a">IMTN</subfield>
    <subfield code="b">IMTN</subfield>
    <subfield code="d">2024-09-25</subfield>
    <subfield code="h">Vol. 25, No. 3</subfield>
    <subfield code="l">0</subfield>
    <subfield code="p">P03</subfield>
    <subfield code="r">2024-09-25 00:00:00</subfield>
    <subfield code="w">2024-09-25</subfield>
    <subfield code="y">SR</subfield>
  </datafield>
  <datafield tag="952" ind1=" " ind2=" ">
    <subfield code="0">0</subfield>
    <subfield code="1">0</subfield>
    <subfield code="2">ddc</subfield>
    <subfield code="4">0</subfield>
    <subfield code="7">0</subfield>
    <subfield code="a">IMTN</subfield>
    <subfield code="b">IMTN</subfield>
    <subfield code="d">2024-09-25</subfield>
    <subfield code="h">Vol. 25, No. 4</subfield>
    <subfield code="l">0</subfield>
    <subfield code="p">P04</subfield>
    <subfield code="r">2024-09-25 00:00:00</subfield>
    <subfield code="w">2024-09-25</subfield>
    <subfield code="y">SR</subfield>
  </datafield>
  <datafield tag="952" ind1=" " ind2=" ">
    <subfield code="0">0</subfield>
    <subfield code="1">0</subfield>
    <subfield code="2">ddc</subfield>
    <subfield code="4">0</subfield>
    <subfield code="7">0</subfield>
    <subfield code="a">IMTN</subfield>
    <subfield code="b">IMTN</subfield>
    <subfield code="d">2025-02-18</subfield>
    <subfield code="h">Vol. 25, No. 6</subfield>
    <subfield code="p">P137</subfield>
    <subfield code="r">2025-02-18 00:00:00</subfield>
    <subfield code="w">2025-02-18</subfield>
    <subfield code="y">SR</subfield>
  </datafield>
  <datafield tag="952" ind1=" " ind2=" ">
    <subfield code="0">0</subfield>
    <subfield code="1">0</subfield>
    <subfield code="2">ddc</subfield>
    <subfield code="4">0</subfield>
    <subfield code="7">0</subfield>
    <subfield code="a">IMTN</subfield>
    <subfield code="b">IMTN</subfield>
    <subfield code="d">2025-04-28</subfield>
    <subfield code="h">Vol. 25, No. 5</subfield>
    <subfield code="p">P94</subfield>
    <subfield code="r">2025-04-28 00:00:00</subfield>
    <subfield code="w">2025-04-28</subfield>
    <subfield code="y">SR</subfield>
  </datafield>
  <datafield tag="952" ind1=" " ind2=" ">
    <subfield code="0">0</subfield>
    <subfield code="1">0</subfield>
    <subfield code="2">ddc</subfield>
    <subfield code="4">0</subfield>
    <subfield code="7">0</subfield>
    <subfield code="a">IMTN</subfield>
    <subfield code="b">IMTN</subfield>
    <subfield code="d">2025-09-29</subfield>
    <subfield code="h">Vol. 26, No. 1</subfield>
    <subfield code="l">0</subfield>
    <subfield code="p">P887</subfield>
    <subfield code="r">2025-09-29 00:00:00</subfield>
    <subfield code="w">2025-09-29</subfield>
    <subfield code="y">SR</subfield>
  </datafield>
  <datafield tag="952" ind1=" " ind2=" ">
    <subfield code="0">0</subfield>
    <subfield code="1">0</subfield>
    <subfield code="2">ddc</subfield>
    <subfield code="4">0</subfield>
    <subfield code="7">0</subfield>
    <subfield code="a">IMTN</subfield>
    <subfield code="b">IMTN</subfield>
    <subfield code="d">2025-09-29</subfield>
    <subfield code="e">2025-04-01</subfield>
    <subfield code="h">Vol. 26, No. 2</subfield>
    <subfield code="l">0</subfield>
    <subfield code="p">P888</subfield>
    <subfield code="r">2025-09-29 00:00:00</subfield>
    <subfield code="w">2025-09-29</subfield>
    <subfield code="y">SR</subfield>
  </datafield>
  <datafield tag="952" ind1=" " ind2=" ">
    <subfield code="0">0</subfield>
    <subfield code="1">0</subfield>
    <subfield code="2">ddc</subfield>
    <subfield code="4">0</subfield>
    <subfield code="7">0</subfield>
    <subfield code="a">IMTN</subfield>
    <subfield code="b">IMTN</subfield>
    <subfield code="d">2025-09-29</subfield>
    <subfield code="e">2025-06-01</subfield>
    <subfield code="h">Vol. 26, No. 3</subfield>
    <subfield code="l">0</subfield>
    <subfield code="p">P889</subfield>
    <subfield code="r">2025-09-29 00:00:00</subfield>
    <subfield code="w">2025-09-29</subfield>
    <subfield code="y">SR</subfield>
  </datafield>
  <datafield tag="952" ind1=" " ind2=" ">
    <subfield code="0">0</subfield>
    <subfield code="1">0</subfield>
    <subfield code="2">ddc</subfield>
    <subfield code="4">0</subfield>
    <subfield code="7">0</subfield>
    <subfield code="a">IMTN</subfield>
    <subfield code="b">IMTN</subfield>
    <subfield code="d">2025-09-29</subfield>
    <subfield code="e">2025-08-01</subfield>
    <subfield code="h">Vol. 26, No. 4</subfield>
    <subfield code="l">0</subfield>
    <subfield code="p">P890</subfield>
    <subfield code="r">2025-09-29 00:00:00</subfield>
    <subfield code="w">2025-09-29</subfield>
    <subfield code="y">SR</subfield>
  </datafield>
  <datafield tag="952" ind1=" " ind2=" ">
    <subfield code="0">0</subfield>
    <subfield code="1">0</subfield>
    <subfield code="2">ddc</subfield>
    <subfield code="4">0</subfield>
    <subfield code="7">0</subfield>
    <subfield code="a">IMTN</subfield>
    <subfield code="b">IMTN</subfield>
    <subfield code="d">2025-11-03</subfield>
    <subfield code="h">Vol. 26, No. 5</subfield>
    <subfield code="l">0</subfield>
    <subfield code="p">P986</subfield>
    <subfield code="r">2025-11-03 15:46:19</subfield>
    <subfield code="w">2025-11-03</subfield>
    <subfield code="y">SR</subfield>
  </datafield>
  <datafield tag="952" ind1=" " ind2=" ">
    <subfield code="0">0</subfield>
    <subfield code="1">0</subfield>
    <subfield code="2">ddc</subfield>
    <subfield code="4">0</subfield>
    <subfield code="7">0</subfield>
    <subfield code="a">IMTN</subfield>
    <subfield code="b">IMTN</subfield>
    <subfield code="d">2026-05-11</subfield>
    <subfield code="e">05/11/2026</subfield>
    <subfield code="h">Vol. 27, No. 2</subfield>
    <subfield code="l">0</subfield>
    <subfield code="p">P1368</subfield>
    <subfield code="r">2026-05-11 11:19:50</subfield>
    <subfield code="w">2026-05-11</subfield>
    <subfield code="y">SR</subfield>
  </datafield>
</record>
